MARC

LEADER 00000nam0a2200000 4500
001 296684
005 20231102000930.0
035 |a (RuTPU)RU\TPU\book\321792 
090 |a 296684 
100 |a 20150602d1984 km y0rusy50 ca 
101 0 |a rus 
102 |a RU 
105 |a a z 001zy 
200 1 |a Электроды рудовосстановительных электропечей  |f М. И. Гасик 
205 |a 2-е изд., перераб. и доп. 
210 |a Москва  |c Металлургия  |d 1984 
215 |a 248 с.  |c ил. 
320 |a Библиогр.: с. 242-247 
606 1 |a Электрические печи, руднотермические  |2 stltpush  |3 (RuTPU)RU\TPU\subj\27275  |9 51058 
610 1 |a электродная масса 
610 1 |a производство 
610 1 |a углерод 
610 1 |a структура 
610 1 |a свойства 
610 1 |a углеродные материалы 
610 1 |a углеродные вещества 
610 1 |a обжиг 
610 1 |a физико-химические свойства 
610 1 |a угольные электроды 
610 1 |a графитовые электроды 
610 1 |a самообжигающиеся электроды 
610 1 |a кожухи 
610 1 |a тепловое поле 
610 1 |a ферросплавные печи 
610 1 |a печи цветной металлургии 
610 1 |a промышленная санитария 
675 |a 621.365.2  |v 4 
700 1 |a Гасик  |b М. И.  |g Михаил Иванович 
801 1 |a RU  |b 63413507  |c 20150602 
801 2 |a RU  |b 63413507  |c 20180528  |g RCR 
942 |c BK